Szczegóły MARC21

Utrillo : uniesienia i niedole cyganerii Montmartre'u /

003 -Nazwa inst., której nr kontr. jest w polu 001 [,]
    • @
    • Nazwa instytucji, której n kontrolny jest w polu 001
    • NUKAT
005 -DATA I CZAS OSTATNIEJ MODYFIKACJI [,]
    • @
    • pole kontrolne
    • 20241231090824.0
040 -Instytucja sporządzająca opis [ , ]
    • a
    • Instytucja, która sporządziła opis (NP)
    • KR 297/JAK
    • b
    • Język katalogowania
    • pol
    • e
    • Zasady katalogowania
    • rda
    • c
    • Instytucja, która sporządziła rekord (NP)
    • KR 297/JAK
    • d
    • Instytucja, która zmodyfikowała rekord (P)
    • KR 297/JAK
    • d
    • Instytucja, która zmodyfikowała rekord (P)
    • WA U/WDs
041 -Język dokumentu [1, ]
    • a
    • Język tekstu (P)
    • polski
    • h
    • Język tekstu oryginalnego i/lub pośredniego (P)
    • francuski
942 -Rodzaj dokumentu [ , ]
    • c
    • Rodzaj dokumentu
    • Książka
100 -Hasło główne - nazwa osobowa [1, ]
    • a
    • Nazwa osobowa (NP)
    • Crespelle, Jean-Paul.
    • e
    • Rodzaj współpracy
    • Autor
    • 9
    • KHW
    • 396059
240 -Tytuł ujednolicony [1,0]
    • a
    • Tytuł ujednolicony
    • Utrillo: la bohème et l'ivresse à Montmartre
    • l
    • Język tekstu
    • (pol.)
    • 9
    • KHW
    • 475924
245 -Strefa tytułu i oznaczenia odpowiedzialności [1,0]
    • a
    • Tytuł
    • Utrillo : Find
    • b
    • Ciąg dalszy tytułu (NP)
    • uniesienia i niedole cyganerii Montmartre'u / Find
    • c
    • Pozostałe elementy strefy tytułu i oznaczenia odpowiedzialności (NP)
    • Jean-Paul Crespelle ; przełożyła Hanna Olędzka ; wstępem poprzedził Andrzej Osęka.
250 -Strefa wydania [ , ]
    • a
    • Oznaczenie wydania (NP)
    • Wydanie pierwsze.
260 -Strefa adresu wydawniczego [ , ]
    • a
    • Miejsce wydania (P)
    • Warszawa :
    • b
    • Nazwa wydawcy (P)
    • Państowy Instytut Wydawniczy,
    • c
    • Data wydania (P)
    • 1976.
300 -Strefa opisu fizycznego [ , ]
    • a
    • Określenie formy książki i/lub objętość (NP)
    • 189, [3] strony, [12] kart tablic kolorowych, [4] stron tablic ;
    • c
    • Format (NP)
    • 21 cm.
336 -Typ zawartości [ , ]
    • a
    • Termin opisujący typ zawartości
    • Tekst
    • b
    • Kod określający zawartość
    • txt
    • 2
    • Źródło (terminu i kodu)
    • rdacontent
337 -Typ mediów [ , ]
    • a
    • Tryb odtwarzania
    • Bez urządzenia pośredniczącego
    • b
    • Kod typu mediów
    • n
    • 2
    • Źródło (terminu i kodu)
    • rdamedia
338 -Typ/rodzaj nośnika [ , ]
    • a
    • Hasło opisujące typ nośnika
    • Wolumin
    • b
    • Kod typu nośnika
    • nc
    • 2
    • Źródło (terminu i kodu)
    • rdacarrier
504 -Uwaga dot. bibliogr. załącznikowej [ , ]
    • a
    • Uwaga dot. bibliografii załącznikowej
    • Bibliografia na stronach 188-189.
080 -Uniwersalna Klasyfikacja Dziesiętna [ , ]
    • a
    • Symbol klasyfikacji
    • 75.071(44)"18/19"Utrillo M.
080 -Uniwersalna Klasyfikacja Dziesiętna [ , ]
    • a
    • Symbol klasyfikacji
    • :929(44)"18/19"Utrillo M.
600 -Hasło przedmiotowe w formie nazwy osobowej [1,7]
    • a
    • Nazwa osobowa
    • Utrillo, Maurice
    • d
    • Daty związane z nazwą
    • (1883-1955).
    • 2
    • Źródło terminu
    • kaba
    • 9
    • KHW
    • 256042
651 -Hasło przedmiotowe w formie nazwy geograficznej [ ,7]
    • a
    • Nazwa geograficzna
    • Montmartre (Paryż, Francja ; dzielnica)
    • x
    • Określnik rzeczowy
    • obyczaje i zwyczaje.
    • 2
    • Źródło terminu
    • kaba
    • 9
    • KHW
    • 475927
980 -Symbol UKD [ , ]
    • a
    • UKD
    • 75.071:929](44)"18/19"Utrillo M.
700 -Hasło dodatkowe - nazwa osobowa [1, ]
    • a
    • Nazwa osobowa (NP)
    • Olędzka, Hanna Find
    • d
    • Daty biograficzne (NP)
    • (1910-1988).
    • e
    • Określenie rodzaju współpracy
    • Tłumaczenie
    • 9
    • KHW
    • 17126
700 -Hasło dodatkowe - nazwa osobowa [1, ]
    • a
    • Nazwa osobowa (NP)
    • Osęka, Andrzej Find
    • d
    • Daty biograficzne (NP)
    • (1932-2021).
    • e
    • Określenie rodzaju współpracy
    • Wstęp
    • 9
    • KHW
    • 17541
710 -Hasło dodatkowe - nazwa ciała zbiorowego [2, ]
    • a
    • Nazwa ciała zbiorowego lub nazwa geograficzna jako pierwszy element (NP)
    • Państwowy Instytut Wydawniczy.
    • e
    • Rodzaj współpracy
    • Wydawca
    • 4
    • Kod relacji
    • pbl
    • 9
    • KHW
    • 51410
Numer inwentarzowy Status udost. Data inwentaryzacji Lokalizacja Sygnatura
Z.2327212002-10-29BGZ.23272
JK.7512002-11-15BG 
W.54880-3 BG